000 02023nam0a22002891 4500
001 rc\1168426
005 20260406121048.0
035 _a(NLR Aleph) 006411853
090 _a5354775
_c5354775
100 _a20041129d1980 |||y0rusy50 ca
101 0 _arus
102 _aRU
105 _aa |||||||||
200 1 _aТруды IV объединенных научных чтений по космонавтике, посвященных памяти выдающихся советских ученых - пионеров освоения космического пространства (Москва, 28 янв. - 1 февр. 1980 г.)
_eЛетат. аппараты
_eПроектирование и конструкции
_f[Отв. ред. В.П. Мишин и др.]
210 _aМ.
_cБ. и.
_d1980
215 _a89 с.
_cил.
_d26
300 _aЗагл. обл.: Труды IV научных чтений по космонавтике, посвященных памяти выдающихся советских ученых - пионеров освоения космического пространства
300 _aВ надзаг.: АН СССР, Комис. по разраб. науч. наследия пионеров освоения косм. пространства
320 _aБиблиогр. в конце докл.
512 0 _aТруды IV научных чтений по космонавтике, посвященных памяти выдающихся советских ученых - пионеров освоения космического пространства
702 1 _aМишин
_bВ.П.
_gВасилий Павлович
_4340
712 0 2 _aАН СССР
_bКомиссия по разработке научного наследия пионеров освоения космического пространства
_3RU\NLR\AUTH\8813598
_9300228
801 0 _aRU
_bNLR
_gpsbo
801 1 _aRU
_bELAR
_2rusmarc
852 _aNLR
_j81-7/648
942 _cBOOK
980 _aNB